| Tag |
First Indicator |
Second Indicator |
Subfields |
| LEADER |
00000cam a22000001a 4500 |
| 001 |
in00003372003 |
| 006 |
m d f |
| 007 |
cr bn mmmapmmp |
| 008 |
100727s2001 dcu o f000 0 eng d |
| 005 |
20260430210108.7 |
| 035 |
|
|
|a cis2007897801
|
| 040 |
|
|
|a ProQuest
|c ProQuest
|d UtOrBLW
|
| 043 |
|
|
|a n-us---
|
| 099 |
|
|
|a CRS-2001-RSI-0368
|
| 110 |
2 |
|
|a Library of Congress.
|b Congressional Research Service.
|
| 245 |
1 |
0 |
|a Energy Policy :
|b Setting the Stage for the Current Debate.
|
| 264 |
|
1 |
|a [Place of publication not identified] :
|b [publisher not identified],
|c 2001.
|
| 300 |
|
|
|a 1 online resource.
|
| 336 |
|
|
|a text
|b txt
|2 rdacontent
|
| 337 |
|
|
|a computer
|b c
|2 rdamedia
|
| 338 |
|
|
|a online resource
|b cr
|2 rdacarrier
|
| 500 |
|
|
|a Record is based on bibliographic data in ProQuest U.S. Congressional Research Digital Collection (last viewed July 2010). Reuse except for individual research requires license from ProQuest, LLC.
|
| 500 |
|
|
|a CRS Report.
|
| 520 |
|
|
|a Discusses the background of and analyzes U.S. energy policy, focusing on the period 1999 to 2001. Presents an energy policy schematic, examines what is different about the current policy debate relating to petroleum and natural gas, electricity restructuring, and other issues, and reviews energy legislation in the 107th Congress.
|
| 500 |
|
|
|a Electronic resource.
|
| 650 |
|
0 |
|a Electric utilities.
|
| 650 |
|
0 |
|a Power resources.
|
| 650 |
|
0 |
|a Petroleum.
|
| 655 |
|
7 |
|a Electronic books.
|2 local
|
| 710 |
2 |
|
|a ProQuest (Firm)
|
| 776 |
0 |
8 |
|i Microfiche version:
|a Library of Congress. Congressional Research Service.
|t Energy Policy
|
| 830 |
|
0 |
|a U.S. Congressional Research.
|
| 856 |
4 |
0 |
|u http://proxy.library.tamu.edu/login?url=https://congressional.proquest.com/congcomp/getdoc?CRDC-ID=CRS-2001-RSI-0368
|z Connect to the full text of this electronic book
|t 0
|
| 999 |
|
|
|a MARS
|
| 999 |
f |
f |
|s 5193c1af-1daf-3d5e-a285-9c9bf96e2a4d
|i b6d185eb-ce4e-37ac-b208-6a640aba0196
|t 0
|
| 952 |
f |
f |
|a Texas A&M University
|b College Station
|c Electronic Resources
|s www_evans
|d Available Online
|t 0
|e CRS-2001-RSI-0368
|h Other scheme
|
| 998 |
f |
f |
|a CRS-2001-RSI-0368
|t 0
|l Available Online
|